Statistics for SAT Words HARD Click Quiz - D #2

Click here to take the quiz!

General Stats

  • This quiz has been taken 255 times
  • The average score is 11 of 15

Answer Stats

HintAnswer% Correct
Having skillful handsDexterous
97%
WickednessDepravity
85%
Expand; widenDilate
81%
Distribute widelyDisseminate
81%
Publicly disapproveDecry
80%
Dry outDesiccate
80%
ResolutionDenouement
77%
Dig upDisinter
75%
DifferentDisparate
72%
Sheer, delicateDiaphanous
70%
Throw into confusionDisconcert
67%
BashfulnessDiffidence
65%
Correct a fallacyDisabuse
60%
PurposelessDesultory
52%
Give false appearanceDissemble
49%

Score Distribution

Percentile by Number Answered

Percent of People with Each Score

Your Score History

You have not taken this quiz